Loading...
| MB | 2 | 10 | 3 | 2 | 115 | 56 | 95.17 | 6 | 12 | 0.00 | 0.00 |
| RR | 2 | 3 | 1 | 0 | 55 | 27 | 74.00 | 3 | 5 | 0.00 | 0.00 |
| BB | 2 | 4 | 4 | 0 | 50 | 51 | 83.83 | 2 | 6 | 0.00 | 0.00 |
| TR | 2 | 2 | 1 | 0 | 45 | 67 | 77.75 | 1 | 4 | 0.00 | 0.00 |
| RC | 1 | 3 | 0 | 1 | 45 | 54 | 92.00 | 0 | 4 | 0.00 | 0.00 |
| AR | 1 | 1 | 0 | 0 | 25 | 60 | 76.00 | 2 | 2 | 0.00 | 0.00 |
| AW | 0 | 2 | 0 | 0 | 20 | 101 | 102.00 | 1 | 2 | 0.00 | 0.00 |
| AG | 0 | 2 | 0 | 1 | 20 | 91 | 100.50 | 0 | 2 | 0.00 | 0.00 |
| MV | 0 | 0 | 1 | 0 | -5 | 0.00 | 0 | 0 | 0.00 | 0.00 | |
| DM | 0 | 0 | 2 | 0 | -10 | 0.00 | 0 | 0 | 0.00 | 0.00 |
| RR | open | 15 | 27 |
| RR | Lou Reed | 15 | 29 |
| MB | Junichiro Tanizaki | -5 | 44 |
| BB | conformal map | 15 | 51 |
| RC | Stephen Crane | 15 | 54 |
| MB | Battle of Tsushima Strait | 15 | 56 |
| AR | Pyotr Ilyich Tchaikovsky | 15 | 60 |
| TR | oil | 15 | 67 |
| MV | Song of Solomon | -5 | 67 |
| DM | Portuguese India | -5 | 67 |